00322 a2200097 4500001001000000005001700010008004100027245008300068100002100151773005200172ART_2780120260410161949.0260409a 10aAplicación de las cadenas de Markov para la solución exacta de un problema1 aGrasso, Mónica0 tInveniog- Año 1, Nº 2 (nov. 1998)wREV27781